000 00335nam a22001337a 4500
008 170529b xxu||||| |||| 00| 0 eng d
020 _a3540500375
041 _aeng
080 _a621.38
100 _a27
101 _aIM
245 _aADVANCED COMPUTING CONCEPTS AND TECHNIQUES IN CONTROL ENGINEERING
_cDENHAM, M.J
942 _2udc
_cBK
999 _c14773
_d14773